000 00421nam a2200145Ia 4500
008 100122s9999 xx 000 0 und d
082 _b68489
_a81
100 _aखाडिलकर नीलकंठ
245 _aहिंदुत्व
260 _bपरचुरे प्रक ाशन
_c2005
300 _a123
630 _aहिंदुत्व
730 _aहिंदुत्व
942 _cBOOK
999 _c440120
_d440117